[Event "2nd UzChess Cup Masters"]
[Site "Tashkent UZB"]
[Date "2025.06.24"]
[Round "6.4"]
[White "Yakubboev, Nodirbek"]
[Black "Abdusattorov, Nodirbek"]
[Result "1-0"]
[Annotator "Tactical Analysis 7.0"]
[WhiteElo "2659"]
[BlackElo "2767"]
[PlyCount "263"]
[GameId "2192822559562921"]
[EventDate "2025.06.19"]

1. d4 d5 2. c4 e6 3. Nf3 Nf6 4. Nc3 dxc4 5. e4 Bb4 6. Bxc4 {D24: Queen's Gambit Accepted: 3 Nf3 Nf6 4 Nc3.} Nxe4 7. O-O Nf6 8. Qa4+ {White has an edge.} Nc6 9. Ne5 Rb8 {9...Bd6 is the modern continuation.} (9... Bd7 10. Nxc6 Bxc3 11. Nxd8 $16) 10. Nxc6 bxc6 11. Rd1 $5 {[%mdl 4] Leaves trodden paths.} O-O 12. Qxa7 Bd7 {[%cal Bc8d7,Bd7c6,Bc6e4][%mdl 32]} 13. Qa4 $1 c5 14. Qc2 Bc6 15. a3 Bxc3 16. bxc3 Qd6 17. Be2 $146 {Dodges Ng4. Black should prevent a4.} ({Predecessor:} 17. h3 Be4 18. Qe2 Qc6 19. f3 Bd5 20. Bg5 Qa4 21. Bd3 cxd4 22. c4 Bc6 23. Bxf6 gxf6 {0-1 Piliposyan,R (2368)-Kukhmazov,A (2498) Moscow Aeroflot op-A 2024 (4)}) 17... Be4 18. Qd2 Rfd8 19. a4 Qc6 20. f3 Bg6 21. Bb5 Qa8 {White must now prevent ...Rxb5.} 22. Ba3 {[%cal Bc1a3,Ba3e7,Be7c5][%mdl 32]} cxd4 ({Black should play} 22... c6 $14 23. Bf1 cxd4 (23... Qxa4 24. Bxc5 Qc2 25. Qxc2 $16)) 23. cxd4 $16 e5 (23... c6 $16 24. Be2 e5) 24. Qc1 $1 $18 exd4 25. Be7 $1 (25. Qxc7 Rbc8 26. Qe5 d3 $11) 25... Qa7 26. Bc5 Qa5 27. Rxd4 c6 28. Rxd8+ (28. Bxc6 $6 Rbc8 $16) 28... Rxd8 29. Bxc6 (29. Bf1 $18) 29... Rc8 (29... Rd1+ $2 30. Qxd1 Qxc5+ 31. Kh1 Qxc6 32. Qd8+ Ne8 33. a5 $18) 30. Bb5 {This pair of bishops is nice.} h6 $2 (30... Bd3 $16) 31. Qc4 Bd3 32. Qb4 Qxb4 33. Bxb4 Bxb5 34. axb5 {[%mdl 4096] Endgame KRB-KRN. White is a pawn up.} Rb8 35. Ra5 Nd7 36. Kf1 Nb6 37. Bd6 Rb7 38. Bg3 $1 Kh7 39. Bf2 Nc4 40. Ra4 Nd2+ 41. Ke1 Nxf3+ 42. gxf3 Rxb5 {KRB-KR} 43. Kf1 Kg6 44. Rg4+ Kh7 45. h4 f6 46. Rc4 h5 47. Rc7 Kg6 48. Kg2 Rb2 49. Kg3 Rb1 50. Bc5 Rb8 {Dodges Bf8} 51. Kf4 Re8 52. Rd7 Rc8 53. Bd6 Re8 54. Rb7 Rd8 55. Bc5 Rc8 56. Bb4 Re8 57. Be7 Kf7 58. Bc5+ Kg6 59. Bb4 Rc8 60. Ke4 Re8+ 61. Re7 Rb8 62. Bd6 Rb1 63. Ra7 Re1+ 64. Kd5 (64. Kf4 $16) 64... Rd1+ $11 65. Ke6 Re1+ $1 66. Kd7 (66. Kd5 $6 Rd1+ 67. Kc6 Rh1 $16) 66... Re3 67. Ra3 Re1 68. Kd8 Rh1 69. Ra4 {Hoping for Ke7.} Rh3 (69... Kf7 $11) 70. Rf4 $16 Kf7 71. Kd7 Rh1 72. Re4 (72. Bc5 $16) 72... Rh3 (72... Ra1 $11 {keeps the balance.}) 73. Re7+ (73. Rf4 $16) 73... Kg8 74. Re8+ Kh7 75. Ke7 Rxf3 76. Kf7 Rd3 77. Be7 Re3 $2 {[%mdl 8192] [#]} (77... Rd7 $11) 78. Rb8 $2 (78. Rd8 $1 $18 {[%cal Rd8d5] White threatens Rd5 and mate.} Re4 79. Bf8) 78... Re4 $11 79. Bf8 Ra4 80. Rb7 Rxh4 81. Bxg7 {[%cal Ob7b8]} Ra4 82. Bxf6 h4 83. Bg5 Ra6 84. Rb4 Ra7+ 85. Be7 {[%cal Rb4h4]} Ra6 86. Rxh4+ Rh6 87. Rg4 Ra6 88. Rg7+ Kh6 89. Rg8 Kh7 90. Rg5 Rb6 (90... Kh6 91. Rb5 Kh7 92. Rh5+ Rh6 93. Rg5 $16) 91. Rg7+ Kh6 92. Rg8 Kh7 {Dodges Rh8+} 93. Rg5 Ra6 ({Reject} 93... Kh6 94. Rd5 Kh7 95. Rh5+ Rh6 96. Rg5 $16) 94. Bc5 Rc6 $1 95. Bf8 Rc7+ 96. Be7 {[%cal Rg5h5]} Rc6 $1 97. Rg7+ Kh6 98. Rg4 {[%cal Rg4h4]} Kh7 99. Bf6 {[%cal Rg4h4]} Rc7+ 100. Ke6 Rc1 101. Be5 Rf1 102. Bf4 Ra1 103. Kf6 Ra6+ 104. Kf5 Ra1 105. Rh4+ Kg8 106. Be5 Ra6 107. Bf6 Ra2 108. Rh8+ Kf7 109. Rh7+ Kg8 110. Rg7+ Kf8 111. Rc7 Kg8 112. Rg7+ Kf8 113. Rb7 Kg8 114. Bd4 Ra6 115. Bb6 Ra4 116. Be3 Ra6 117. Bc5 Rc6 118. Bb4 Ra6 119. Bc3 Rc6 120. Bf6 Rc1 121. Be5 Rc6 122. Rd7 Ra6 123. Bd6 Ra1 124. Be7 Ra6 125. Bf6 Ra2 126. Ke6 Ra6+ 127. Ke7 Kh7 128. Kf7 Ra2 129. Bd4 Rc2 $2 {[%mdl 8192]} (129... Rg2 $11) 130. Kf6+ {White mates.} Kg8 {[#]} 131. Rd8+ $1 Kh7 {Weighted Error Value: White=0.07 (flawless) /Black=0.14 (very precise)} 132. Kf5 1-0

[Event "2nd UzChess Cup Masters"]
[Site "Tashkent UZB"]
[Date "2025.06.24"]
[Round "6.5"]
[White "Maghsoodloo, Parham"]
[Black "Nepomniachtchi, Ian"]
[Result "1/2-1/2"]
[Annotator "Tactical Analysis 7.0"]
[WhiteElo "2691"]
[BlackElo "2757"]
[PlyCount "77"]
[GameId "2192837174881930"]
[EventDate "2025.06.19"]

1. d4 Nf6 2. c4 e6 3. Nc3 Bb4 4. e3 O-O 5. Bd3 d5 6. cxd5 exd5 7. a3 {E48: Nimzo-Indian: Rubinstein: 5 Bd3 d5 including 6 Ne2, but excluding 6 a3.} Bd6 8. Qc2 Na6 9. Nge2 {The position is equal.} c5 10. f3 Re8 11. O-O Nc7 12. Bd2 c4 $146 ({Predecessor:} 12... b6 13. Rad1 Ba6 14. Bxa6 Nxa6 15. Kh1 Qc8 16. Qd3 Nc7 17. e4 dxe4 18. fxe4 cxd4 19. Nxd4 {Â½-Â½ Harikrishna,P (2701)-Le,Q (2709) Prague Masters 4th 2022 (7)}) 13. Bf5 Bxf5 14. Qxf5 b5 15. e4 {[#]} Qd7 $1 16. Qxd7 (16. Nxd5 $2 Qxf5 17. exf5 Nfxd5 $19 (17... Ncxd5 $2 18. Rfe1 $19)) 16... Nxd7 17. Bf4 (17. Nxd5 $2 {too greedy.} Nxd5 18. Rfe1 N5b6 $19) 17... Bxf4 18. Nxf4 Nb6 19. exd5 Red8 {[%cal Oa7a6]} 20. Rfe1 a6 {[%cal Rc7d5]} 21. Re5 {[%cal Be1e5,Be5f5,Bf5c5][%mdl 32]} f6 22. Rf5 Rd7 23. d6 Rxd6 24. Rc5 Ne8 25. a4 b4 26. Ne4 (26. Ncd5 $14) 26... Rxd4 $11 27. Ne6 Rd5 {Hoping for ...Rxc5.} 28. Rc6 {[%mdl 64] [#] Deflection} Nd7 (28... Rb8 $11 {was preferable.}) 29. Rxc4 $14 a5 30. Nf4 Rf5 31. Nd3 Rd5 32. Nf4 Rf5 33. Rd4 {Ng3 is the strong threat. Black is weak on the light squares. White is slightly better.} Nb6 $1 34. Ng3 Rc5 35. b3 Rac8 36. Ne4 Rf5 37. Ng3 Rfc5 38. Ne4 Rf5 {Weighted Error Value: White=0.05 (flawless) /Black=0.05 (flawless)} 39. Ng3 1/2-1/2

[Event "2nd UzChess Cup Masters"]
[Site "Tashkent UZB"]
[Date "2025.06.25"]
[Round "7.1"]
[White "Nepomniachtchi, Ian"]
[Black "Praggnanandhaa, R."]
[Result "1/2-1/2"]
[Annotator "Tactical Analysis 7.0"]
[WhiteElo "2757"]
[BlackElo "2767"]
[PlyCount "114"]
[GameId "2192840822648748"]
[EventDate "2025.06.19"]

1. e4 e5 2. Nf3 Nc6 3. Bb5 a6 4. Ba4 Nf6 5. O-O Bc5 6. c3 b5 7. Bb3 d6 8. d4 Bb6 9. a4 {[#] Threatens to win with axb5.} Bd7 {Recently 9...Bb7 got a lot of attention. C78: Ruy Lopez: Archangelsk and MÃ¶ller Defences.} 10. Bg5 {[%cal Bc1g5,Bg5h4,Bh4g3][%mdl 32]} Rb8 11. axb5 axb5 {White has an edge.} 12. Qd3 (12. Re1 $142) 12... h6 $11 13. Bh4 g5 14. Bg3 {[%cal Rd4e5]} Nh5 15. Na3 (15. Qxb5 $2 Nxd4 (15... exd4 16. Qd3 $11) 16. Bxf7+ Kxf7 $19) 15... O-O (15... g4 $142 $1) 16. Nxb5 Ne7 $146 ({Predecessor:} 16... Nxg3 17. hxg3 Qe8 18. Ba4 Ra8 19. b3 Ra5 20. Nd2 Nb8 21. Na3 Bxa4 22. bxa4 Rxa4 {1-0 Olszewski,M (2549)-Ragger,M (2572) GRE-chT Div-A 38th Peristeri 2010 (3)}) 17. Bc4 (17. dxe5 $2 {is the wrong capture.} Bxb5 18. Bc4 Bxc4 19. Qxc4 Ng6 $19) ({White should try} 17. Na3 $1 $11) 17... Ng6 $1 $15 18. dxe5 (18. Na3 $15 {feels stronger.}) 18... Nxg3 19. hxg3 g4 $1 20. Nfd4 Nxe5 21. Qe2 h5 {[%mdl 1024] Black has compensation.} 22. Na3 h4 23. Qe3 {Repels Qg5} Kg7 {Inhibits Qh6+.} 24. Be2 Rh8 25. Nc4 Nxc4 26. Bxc4 Qf6 (26... Rh5 $15) 27. Qf4 $1 $11 {The position is equal.} Rh6 (27... Qxf4 {simplifies} 28. gxf4 Rhe8 29. Rfe1 Bxd4 30. cxd4 Rxb2 31. Ra7 Bf5) 28. Qxf6+ Kxf6 29. gxh4 Rxh4 30. g3 Rh3 31. Kg2 Rbh8 32. Rh1 {Wards off Rh2+} Rxh1 33. Rxh1 Rxh1 34. Kxh1 Ke5 {[%csl LRd4,LRe4]} 35. Bxf7 Bxd4 36. cxd4+ Kxd4 {[%cal Od7c6][%mdl 4096] Endgame KB-KB. White is a pawn up.} 37. Kg2 Kxe4 {White must now prevent ...Bc6.} 38. Bg6+ Ke5 39. f4+ gxf3+ 40. Kxf3 c5 41. Ke3 d5 42. Bd3 Be6 43. Bf1 d4+ 44. Kd2 c4 45. Bg2 Kd6 46. Bf3 Kc5 47. Bd1 Bf7 48. Kc1 Kb4 49. Kd2 Be8 50. Kc1 Bf7 51. Kd2 Bg6 52. Kc1 c3 53. bxc3+ Kxc3 54. Be2 d3 55. Bxd3 {[%mdl 64] [#] Deflection} Kxd3 56. Kb2 Bf5 57. g4 {Weighted Error Value: White=0.06 (flawless) /Black=0.05 (flawless)} Bxg4 1/2-1/2

[Event "2nd UzChess Cup Masters"]
[Site "Tashkent UZB"]
[Date "2025.06.25"]
[Round "7.2"]
[White "Abdusattorov, Nodirbek"]
[Black "Maghsoodloo, Parham"]
[Result "1-0"]
[Annotator "Tactical Analysis 7.0"]
[WhiteElo "2767"]
[BlackElo "2691"]
[PlyCount "77"]
[GameId "2192845105832127"]
[EventDate "2025.06.19"]

1. e4 c5 2. Nf3 e6 3. d4 cxd4 4. Nxd4 Nc6 5. Nc3 Qc7 6. Qd3 {B47: Sicilian: Taimanov: 5 Nc3 Qc7 6 f4, 6 g3 and 6 Be2.} a6 {Inhibits Ndb5.} 7. Nxc6 Qxc6 8. Bf4 $5 {[%mdl 4] White is slightly better. A promising side line.} Ne7 $146 (8... b5 $1 $14) ({Predecessor:} 8... b5 9. O-O-O Bb7 10. Be2 Ne7 11. Bf3 Ng6 12. Bg3 Rc8 13. e5 Qc7 14. Bxb7 Qxb7 {0-1 Kobalia,M (2596)-Hambleton,A (2454) Titled Tuesday intern op 22nd Feb Late Chess.com INT blitz 2022 (8)}) 9. O-O-O b5 10. h4 {[%cal Bh2h4,Bh4h5][%mdl 32]} Bb7 11. h5 Rd8 ({Black should play} 11... b4 12. Ne2 f6) 12. Qd4 f6 13. Bd6 {[%cal Oh5h6] White has more active pieces. The black rooks are passive.} Nc8 14. Bxf8 Rxf8 15. Rh3 Qb6 16. Qd2 Bc6 17. Re1 (17. h6 $16 g6 18. a3) 17... Qc5 {[#]} 18. Nd5 $1 {[%cal Bc3d5,Bd5b4,Bb4d3][%mdl 32]} Kf7 (18... Bb7 19. Nf4) 19. Nb4 Bb7 20. h6 g6 21. e5 Kg8 (21... fxe5 $6 22. Nd3 Qd5 23. Nxe5+ (23. Rxe5 $2 Qxa2 24. Kd1 Nb6 $19) 23... Ke8 24. Rd3 (24. Qxd5 Bxd5 25. a4 bxa4 $11) 24... Qxa2 25. Ra3 $11 (25. Nxd7 $2 Qa1#)) 22. Nd3 Qd4 23. g3 Nb6 (23... fxe5 $142 24. Rxe5 Nd6) 24. Rh4 $16 Qd5 25. b3 Rc8 26. exf6 {and Rf4 would now be decisive} Rxf6 27. c3 {This costs Black the game.} d6 $2 {[%mdl 8192]} (27... Qd6 $16) 28. Bh3 $18 g5 29. Rh5 {[%cal Bh4h5,Bh5g5,Bg5g7][%mdl 32]} Kh8 $2 (29... Kf8 30. f4 (30. Qxg5 Rxc3+ 31. Kb2 Qxg5 $15) 30... b4 31. Nxb4 (31. Rxg5 Rxc3+ $11) 31... Qxd2+ 32. Kxd2 gxf4) 30. Rxg5 ({And not} 30. Qxg5 Rxc3+ (30... Qxg5+ 31. Rxg5 Re8 32. Rg7 $16) 31. Kb2 Qxg5 (31... Rxd3 32. Qg7#) 32. Rxg5 Rxd3 $14) 30... Rxc3+ 31. Kb2 {[%cal Bc1b2,Bb2c3,Bc3d2,Bd2e3][%mdl 32]} ({Less strong is} 31. Qxc3 Qxg5+ 32. f4 Qxh6 33. Rxe6 Nd5 $18) 31... Qxd3 32. Qxc3 Qxc3+ 33. Kxc3 Nd5+ 34. Kd2 e5 35. Rg7 Bc6 36. Rc1 Nb4 37. a3 Rxf2+ 38. Ke3 Rc2 {[#]} {An entertaining game by Abdusattorov.   Weighted Error Value: White=0.13 (very precise) /Black=0.71} 39. Be6 $1 1-0

[Event "2nd UzChess Cup Masters"]
[Site "Tashkent UZB"]
[Date "2025.06.25"]
[Round "7.3"]
[White "Vokhidov, Shamsiddin"]
[Black "Yakubboev, Nodirbek"]
[Result "1/2-1/2"]
[Annotator "Tactical Analysis 7.0"]
[WhiteElo "2644"]
[BlackElo "2659"]
[PlyCount "135"]
[GameId "2192848459039252"]
[EventDate "2025.06.19"]

1. e4 e5 2. Nf3 Nc6 3. Bb5 {[%cal Bf1b5,Bb5a4,Ba4b3][%mdl 32]} Nf6 4. d3 Bc5 5. c3 O-O 6. O-O {C65: Ruy Lopez: Berlin Defence (3...Nf6), unusual lines and 4 0-0 Bc5.} Re8 7. Bg5 a6 (7... h6 8. Bh4 a6 9. Bxc6 dxc6 10. h3 Bd6 11. Re1 g5 12. Bg3 Nh7 13. Nbd2 b5 14. d4 f6 15. Nb3 Qe7 16. Na5 Bd7 17. dxe5 fxe5 18. Nxe5 Bxe5 19. Bxe5 Bxh3 20. Nxc6 {1-0 Vokhidov,S (2643)-Yakubboev,N (2648) CrunchLab Masters PlayIn Chess.com INT rapid 2024 (5)}) 8. Ba4 h6 9. Bh4 b5 10. Bb3 g5 11. Bg3 d6 $1 12. Nbd2 Bb6 13. a4 Rb8 14. Re1 $146 ({Predecessor:} 14. axb5 axb5 15. Qc2 Nh5 16. d4 exd4 17. e5 Nxg3 18. Qg6+ {1-0 Lutz,A (2205)-Puljek Salai,Z (2195) Dresden zt (Women) 1998 (7)}) 14... Nh7 15. Nf1 Nf8 (15... h5 $1 $11 {keeps the balance.}) 16. h3 Ng6 17. axb5 axb5 18. d4 (18. Ne3 $16) 18... Qf6 $14 {[%cal Re5d4]} 19. Ne3 Nce7 $1 (19... exd4 20. Nd5 Qg7 21. Nxb6 Rxb6 22. Nxd4 $16) 20. Ng4 (20. Qe2 $14 {is more appropriate.}) 20... Bxg4 $11 21. hxg4 Kg7 22. Qe2 exd4 23. cxd4 Bxd4 24. Nxd4 Qxd4 25. Rac1 {Repels Nc6} c5 {[%cal Bc7c5,Bc5c4,Bc4b3][%mdl 32]} 26. Red1 (26. Qf3 Nf4 (26... Qxb2 $2 27. Qxf7+ Kh8 28. e5 $18) (26... c4 27. Red1 $17) 27. Bxf4 gxf4 $17) 26... Qb4 27. Rc3 $132 {[%cal Oe2f3][%mdl 2048] White is not holding back} Nf4 28. Bxf4 gxf4 29. g5 c4 {[%cal Oh6g5]} 30. gxh6+ Kxh6 $2 {[%mdl 8192] [#]} (30... Kh7 $1 $11 {and Black is okay.}) 31. Qd2 $1 $18 {[%csl LRd6,LRf4]} Kg7 {[#] White must now prevent ...Ng6.} 32. Rg3+ {[%csl Ob4][%mdl 576] Discovered Attack} fxg3 33. Qxb4 gxf2+ 34. Kxf2 cxb3 35. Qc3+ (35. Qxd6 Ng6 36. Kg1 Rb7 $18) 35... Kg8 36. Rxd6 (36. Qxb3 Red8 37. Qb4 Ng6 38. Rxd6 Rxd6) 36... Ng6 37. Qxb3 Kg7 38. Rd7 Ne5 39. Rd5 b4 40. Qg3+ Ng6 41. Qd3 Ne5 42. Qd4 (42. Qg3+ Ng6 43. Qe3 Ne5 44. Qg3+) 42... f6 43. Qa7+ Kg6 44. Kg3 Rbc8 45. Qa4 Rg8 46. Kf2 (46. Qxb4 Kf7+ 47. Kf4 Rb8 $18) 46... Rc1 47. Qb3 {[%cal Od5e5]} (47. Qxb4 Rc2+ 48. Kf1 Rh8 $16) 47... Rgc8 {[#]} 48. Rxe5 $2 fxe5 (48... R8c2+ $1 $14 49. Kg3 fxe5 50. Qg8+ (50. Qxb4 Rd1 $18) 50... Kh6 51. Qe6+ Kh7 52. Qf5+ (52. Qxe5 Rb1 $18) 52... Kg8 53. Qg6+ (53. Qxe5 Rb1 $16) 53... Kf8 54. Qf6+ Kg8 55. Qe6+ (55. Qxe5 Rb1 $16) 55... Kh7) 49. Qxb4 {[%mdl 4096] Endgame KQ-KRR} (49. Qe6+ $16 Kh7 50. Ke3 (50. Qxe5 R8c2+ 51. Kg3 Rb1 $16)) 49... R1c2+ ({Black should play} 49... R8c2+ $11 50. Ke3 Rxg2 51. Qd6+ Kh5 52. Qxe5+ Kg4 53. Qf5+ Kh4 54. Qf6+ Kh3 55. Qf5+ Kh2) 50. Kf3 R8c6 {Repels Qd6+} 51. Qb8 Rf6+ 52. Ke3 $1 Rf1 53. Qe8+ (53. Qxe5 Rxg2 54. Qe8+ Kg7 55. Qe7+ Kg6 $18) ({Better is} 53. Qb3 $16 Rff2 54. Qg8+ Kh6 55. Qe6+ Kg7 56. Qxe5+ Kf7 57. Qh5+ Ke6 58. Qd5+ Ke7 59. Qe5+ Kf7) 53... Kh7 $11 {The position is equal.} 54. Qe7+ (54. Qxe5 Rxg2 55. b4 Rb1 56. Qe7+ Rg7 $18) 54... Kg8 55. Qe6+ (55. Qxe5 Re1+ 56. Kd3 (56. Kf3 Rf1+ 57. Kg3 Rff2 $18) 56... Rxg2 57. Qe8+ Kh7 58. Qe7+ Kg8 $18) 55... Kh7 56. g3 {Strongly threatening Qh3+. The board is on fire.} ({Less strong is} 56. Qxe5 Rxg2 57. b4 Rb1 58. Qf5+ Kg7 59. Qd7+ Kf8 60. Qf5+ Kg7 61. Qe5+ Kf7 62. Qf5+ Kg7 $18) 56... Rb1 57. Qxe5 Rcxb2 58. Qe7+ Kg8 59. Kf4 Rb7 60. Qe8+ Kh7 61. Qh5+ Kg8 62. Qd5+ Kg7 63. e5 R1b4+ 64. Kg5 R4b6 65. Qe4 Re7 66. Qf5 {[%cal Of5f6] Intending Qf6+! and mate.} Rbe6 67. Kh4 Rxe5 {White really could win this.   Weighted Error Value: White=0.15 (very precise) /Black=0.15 (very precise)} 68. Qd3 1/2-1/2

[Event "2nd UzChess Cup Masters"]
[Site "Tashkent UZB"]
[Date "2025.06.25"]
[Round "7.4"]
[White "Sindarov, Javokhir"]
[Black "Aravindh, Chithambaram VR."]
[Result "1-0"]
[Annotator "Tactical Analysis 7.0"]
[WhiteElo "2710"]
[BlackElo "2749"]
[PlyCount "83"]
[GameId "2192856225113072"]
[EventDate "2025.06.19"]

1. d4 Nf6 2. c4 g6 3. Nc3 Bg7 4. e4 d6 5. Be2 O-O 6. Nf3 e5 7. d5 a5 8. Bg5 h6 9. Be3 Na6 {E92: King's Indian: Classical: 6 Be2 e5: 7 dxe5, 7 Be3 and Petrosian System without 7...Nbd7.} 10. Nd2 c6 11. g4 Nd7 {White is better.} 12. h4 (12. a3 $142 $1) 12... Ndc5 $16 13. h5 Bd7 $146 (13... f5 $1 $14) ({Predecessor:} 13... g5 14. f3 Re8 15. Kf2 Rb8 16. a3 cxd5 17. cxd5 Bd7 18. Nb5 Qe7 19. Rc1 Rec8 {1-0 Javakhadze,Z (2454)-Popadic,D (2171) Titled Tuesday intern op 4th Aug 10am Chess.com INT blitz 2020 (1)}) 14. Nb3 (14. hxg6 $16 fxg6 15. f3) 14... cxd5 15. Nxc5 Nxc5 16. cxd5 (16. Qxd5 $16 Bc6 17. Qd2) 16... Rc8 17. Qd2 {[#]} ({Better is} 17. hxg6 $1 $16 fxg6 18. f3) 17... b5 $1 $11 18. f3 (18. hxg6 b4) 18... b4 19. Nb5 Qb6 20. a4 bxa3 21. bxa3 {[%cal Oh5g6]} f5 (21... Bxb5 $6 22. Rb1 $16) 22. gxf5 (22. Bxh6 $2 f4 23. Nxd6 (23. Bxg7 $2 Nb3 $19) 23... Qxd6 24. Bxg7 Kxg7 $19) 22... gxf5 (22... Bxb5 $6 23. Rb1 gxf5 (23... Nxe4 $2 24. fxe4 Qd8 25. Rxb5 $18) 24. Rxb5 $14) 23. Rb1 fxe4 (23... Kh7 $15) 24. Nc3 Qd8 25. Nxe4 Nxe4 26. fxe4 Kh7 27. Rb7 Rf7 28. Qb2 Bf6 29. Rg1 Bg5 30. Bxg5 hxg5 31. Kd2 {[#]} (31. Rf1 $1 $11 Rxf1+ 32. Kxf1) 31... Kh6 (31... g4 $1 $17 {and ...Qg5+ would now be decisive} 32. Bxg4 Qf6 33. Rxd7 (33. Bxd7 Qf2+ 34. Kd1 Qxg1+ 35. Kd2 Rf2+ {[%mdl 64] Skewer} 36. Ke3 Qg3#) 33... Qf2+ 34. Kd3 Qxb2 35. Rxf7+ Kh8 (35... Kh6 36. Rf6+ Kg7 37. Rg6+ Kh7 38. Bxc8 $11) 36. Bxc8 Qd4+ 37. Ke2 Qxg1) 32. Qb6 $1 $36 {[%mdl 2048] White is pushing. The board is on fire. White is more active.} {This costs Black the game.} Qxb6 {[%mdl 8192]} (32... Qf8 $1 $14) 33. Rxb6 $18 Rf6 {[#]} 34. Rf1 $1 Rcf8 {[#]} 35. Rxd6 $3 {[%mdl 576] Deflection} Rxd6 36. Rxf8 {[%mdl 4096] Endgame KRB-KRB. White is a pawn up.} g4 {[%cal Bg5g4,Bg4g3,Bg3g2][%mdl 32]} 37. Rd8 Kxh5 (37... g3 $142 38. Rg8 Rb6 39. Rxg3 Rb2+ 40. Ke1 Rb1+ 41. Kd2 Rb2+) 38. Bb5 g3 39. Bxd7 {White wants to mate with Be8+.} (39. Rxd7 Rxd7 40. Be2+ (40. Bxd7 $2 {is the wrong capture.} g2 $19) 40... Kh4 $19) 39... g2 40. Be8+ {White mates.} Rg6 41. Bxg6+ Kh6 {Artfully played by Sindarov.   Weighted Error Value: White=0.12 (very precise) /Black=0.58} 42. Bf7 ({And not} 42. Rh8+ Kg7 43. Rh3 (43. Rh7+ $2 Kxg6 44. Rh8 Kg7 $19) 43... g1=Q $11) 1-0

[Event "2nd UzChess Cup Masters"]
[Site "Tashkent UZB"]
[Date "2025.06.25"]
[Round "7.5"]
[White "Rapport, Richard"]
[Black "Erigaisi, Arjun"]
[Result "1/2-1/2"]
[Annotator "Tactical Analysis 7.0"]
[WhiteElo "2714"]
[BlackElo "2782"]
[PlyCount "52"]
[GameId "2192860142892357"]
[EventDate "2025.06.19"]

1. Nf3 Nf6 {[%cal Bg8f6,Bf6d5,Bd5b4][%mdl 32]} 2. g3 c5 3. Bg2 Nc6 4. c4 d5 5. cxd5 Nxd5 6. d4 cxd4 7. Nxd4 Ndb4 8. Nxc6 Qxd1+ 9. Kxd1 Nxc6 10. Nc3 {A30: Symmetrical English: Double Fianchetto and Hedgehog.} Bd7 11. Be3 g6 12. Kc2 {[%cal Bd1c2,Bc2b3,Bb3a3][%mdl 32]} Bf5+ 13. Kb3 Be6+ $146 ({Black should play} 13... Na5+ $11 14. Ka4 Nc4 (14... Nc6 15. Rac1 $11)) ({Predecessor:} 13... Rc8 14. Bxc6+ Rxc6 15. Bxa7 Be6+ 16. Kb4 Bg7 17. Rac1 Rc4+ 18. Kb5 O-O 19. Rhd1 Rc6 {1-0 Miles,A (2580)-Alburt,L (2530) USA-ch 1989 (10)}) 14. Ka3 $1 $14 Bf5 15. Bxc6+ bxc6 16. Na4 e5+ 17. Bc5 Bxc5+ 18. Nxc5 Ke7 19. Rac1 Rhd8 20. Rhd1 (20. Nb3 $14) 20... g5 $11 21. b3 h5 22. Ka4 Rab8 23. Na6 Rb6 24. Nc5 Rbb8 25. Na6 Rb6 26. Nc5 {Weighted Error Value: White=0.10 (very precise) /Black=0.10 (very precise)} Rbb8 1/2-1/2

[Event "2nd UzChess Cup Masters"]
[Site "Tashkent UZB"]
[Date "2025.06.26"]
[Round "8.1"]
[White "Praggnanandhaa, R."]
[Black "Erigaisi, Arjun"]
[Result "1-0"]
[Annotator "Tactical Analysis 7.0"]
[WhiteElo "2767"]
[BlackElo "2782"]
[PlyCount "57"]
[GameId "2193674869281816"]
[EventDate "2025.06.19"]

1. c4 g6 2. e4 e5 3. Nf3 Nc6 4. d4 exd4 5. Nxd4 Bg7 6. Ne2 {A10: English Opening: Unusual Replies for Black.} d6 7. Nbc3 f5 $146 ({Predecessor:} 7... Nge7 8. g3 O-O 9. Bg2 f5 10. O-O Kh8 11. Be3 fxe4 12. Qd2 Bf5 13. Nxe4 Ne5 {0-1 He,A (2515)-Bryakin,M (2481) Titled Tuesday intern op 26th Sep Late Chess.com INT blitz 2023 (6)}) 8. exf5 {White has an edge.} Bxf5 9. Ng3 Be6 10. Be2 {[%cal Bf1e2,Be2c4,Bc4b3][%mdl 32]} Nge7 11. O-O O-O 12. Bg5 {[%cal Bc1g5,Bg5e3,Be3c5,Bc5a3][%mdl 32]} h6 13. Be3 {Black is on the road to losing.} d5 {[#]} (13... Kh7 $14) 14. cxd5 $1 $16 Nxd5 15. Bc4 {[%cal Rc4d5]} Bxc3 (15... Nxc3 $2 16. Bxe6+ Kh7 17. bxc3 $18) 16. bxc3 {[%cal Bb2c3,Bc3c4][%mdl 32]} Kh7 {and ...Nxe3 would now be decisive} 17. Bc5 {A strong pair of Bishops.} Rf4 (17... Re8 $16) 18. Bb3 $18 b6 (18... Rf6 {was worth a try.} 19. Re1 Nf4 (19... Nxc3 $2 20. Qxd8 Rxd8 21. Bxe6 $18)) 19. Ba3 {aiming for Re1.} Na5 (19... Nxc3 20. Qc2 $18 (20. Qc1 Nd4 $18)) 20. c4 Nf6 21. Qc1 Rh4 22. Re1 Qg8 (22... Bf7 $142 23. Qc3 (23. Re7 Kg7 $18) 23... Qd4) 23. Qc3 {White is clearly winning.} Qf7 {[#]} 24. Rxe6 $1 {[%mdl 512]} Qxe6 25. Re1 Ne4 26. Qc2 Re8 27. f3 Qe5 {( -> ...Qd4+)} ({Much weaker is} 27... Nxb3 28. axb3 (28. fxe4 $2 {is the wrong capture.} Na5 $19) 28... Qd7 29. Nxe4 $18 (29. fxe4 Qd4+ 30. Kh1 Rf4 $18)) 28. Nxe4 ({Not} 28. Rxe4 Rxe4 29. Nxe4 Nxb3 $18) 28... Qxh2+ {Weighted Error Value: White=0.08 (flawless) /Black=0.45} 29. Kf2 1-0